000 00476nam a2200193Ia 4500
005 20240823031203.0
008 240823s9999||||xx |||||||||||||| ||und||
020 _a978-81-8094-010-1
041 _aENGLISH
082 _A574.191 P5
100 _aSubramanian M A
245 0 _aBiophysics Principles and Techniques
250 _a1st
260 _c2005
_b"MJP Publishers,Ch"
_aChennai
500 _aYES
650 _aBio Physics
_bPhysics
942 _cBK
999 _c190476
_d190476